Quizzes
Events
Quiz Creation
Community
Videos
Private Events
Remove Ads
Sign In
Join for FREE
Feedback
Dark Mode
Quiz Categories
Sports
Geography
Music
Movies
Television
Just For Fun
Miscellaneous
History
Literature
Language
Science
Gaming
Entertainment
Religion
Holiday
For Kids
Quiz Lab
Recent
Popular Today
Quiz Kudos Today
Editor Picks
Curator Picks
Quizzes by...
Day
Popularity
Type
Ratings
Length
Year
Community
Subscriptions
Recent Discussions
Orange Saloon
Badges
Playlists
Quests
Create
Leaderboards
Showdown
Live 5
Trivia Bingo
Activity
Puzzle Library
Sporcle Events
Private Events
Virtual Trivia
Globe League
Become a Host
Pub Owners
SporcleCon
Opinionation
Our Games
Videos
Blog
Mobile Apps
Partnerships
Remove Ads and Go Orange
Feedback
Sports
Athletes
MLB
NBA
NHL
NFL
Soccer
Sports Teams
WWE
NCAA
Football
Premier League
Basketball
Baseball
Hockey
Golf
Tennis
Cricket
Rugby
Auto Racing
Olympics
World Cup
Sports
Athletes
MLB
NBA
NHL
NFL
Soccer
Sports Teams
WWE
NCAA
Football
Premier League
Basketball
Baseball
Hockey
Golf
Tennis
Cricket
Rugby
Auto Racing
Olympics
World Cup
Random Quiz
Search Sporcle
×
Quiz Lab
Quiz Lab
Sports
automatic
Type in answers that appear in a list
Type in answers that appear in a list
Classic
Best Score? Go Orange.
Automatic Qualifying School Mascots Stats
Can you name the BCS School Mascots?
By
villkroppa
6m
67 Questions
65 Plays
65 Plays
65 Plays
Comments
Comments
Give Quiz Kudos
Give Quiz Kudos
-
- Ratings
hide this ad
Replay
Link that replays current quiz
Next Quiz
Link to next quiz in quiz playlist
You Got
0%
They Got
Avg Score
83%
Avg Friend Score
Upgrade to see
Score Distribution
Jump to the score distribution portion of the page
Score
0/67
Timer
06:00
0
Plays Today
School
Mascot
% Correct
Michigan State
Spartans
96.9%
Northwestern
Wildcats
96.9%
Kansas State
Wildcats
96.9%
Arizona
Wildcats
96.9%
Kentucky
Wildcats
96.9%
Minnesota
Golden Gophers
92.3%
Michigan
Wolverines
92.3%
Ohio State
Buckeyes
92.3%
Missouri
Tigers
92.3%
Auburn
Tigers
92.3%
LSU
Fighting Tigers
92.3%
Clemson
Tigers
92.3%
Baylor
Bears
90.8%
Purdue
Boilermakers
89.2%
Iowa
Hawkeyes
89.2%
Wisconsin
Badgers
89.2%
Nebraska
Corn Huskers
89.2%
Oklahoma State
Cowboys
89.2%
Oklahoa
Sooners
89.2%
Kansas
Jayhawks
89.2%
Arizona State
Sun Devils
89.2%
Oregon
Ducks
89.2%
Stanford
Cardinal
89.2%
USC
Trojans
89.2%
Florida
Gators
89.2%
Georiga
Bulldogs
89.2%
Mississippi State
Bulldogs
89.2%
North Carolina
Tar Heels
89.2%
Texas
Longhorns
87.7%
Duke
Blue Devils
87.7%
Florida State
Seminoles
87.7%
Illinois
Fighting Illini
86.2%
Califronia
Golden Bears
86.2%
Washington
Huskies
86.2%
School
Mascot
% Correct
Arkansas
Razorbacks
86.2%
Connecicut
Huskies
86.2%
Penn State
Nittany Lions
84.6%
UCLA
Bruins
84.6%
Miami
Hurricanes
84.6%
Oregon State
Beavers
83.1%
Alabama
Crimson Tide
83.1%
Texas Tech
Red Raiders
81.5%
Iowa State
Cyclones
81.5%
Utah
Utes
81.5%
South Carolina
Gamecocks
81.5%
Boston College
Eagles
81.5%
Louisville
Cardinals
81.5%
Georgia Tech
Yellow Jackets
80%
Virginia Tech
Hokies
80%
Texas A&M
Aggies
78.5%
Colorado
Buffaloes
78.5%
Ole Miss
Rebels
78.5%
Maryland
Terrapins
78.5%
North Carolina State
Wolfpack
78.5%
Cincinnati
Bearcats
78.5%
Syracuse
Orange
78.5%
Washington State
Cougars
76.9%
Virginia
Cavaliers
73.8%
Rutgers
Scarlet Knights
73.8%
West Virginia
Mountaineers
73.8%
Pittsburgh
Panthers
72.3%
Vanderbilt
Commodores
70.8%
Wake Forest
Demon Deacons
70.8%
South Florida
Bulls
70.8%
Notre Dame
Irish
70.8%
Tenessee
Voulunteers
46.2%
Indiana
Hooisers
10.8%
Quiz Playlist
Details
Report
Send in Message
Add To Playlist
Classic:
Type in answers that appear in a list
Last Updated: Feb 16, 2017
Quiz Scoreboard
CHALLENGE
Sign Up to Join the Scoreboard
Show All
Scores
Hide
Comments
May contain spoilers
Recently Published
Billboard Blitz: Fleetwood Mac
by CooCooCachoo
Music
15s
Presidents Visiting Landmarks
by Hejman
History
7m
An Introduction to Baseball
by treessimontrees
Sports
5m
More to Explore
Quiz From the Vault
Featured Blog Post
Where Did the Easter Bunny Come From?
hide this ad
You Might Also Like...
Tags
automatic
BCS
mascot
Qualifying
school
Today's Top Quizzes in Sports
Browse Sports
hide this ad
Today's Top Quizzes in automatic
Browse automatic
Top Contributed Quizzes in Sports
1
Les meilleurs buteurs des matchs entre le PSG et l’OM
2
2022 World Cup Stars
3
FIFA Club World Cup Champions
4
Les entraîneurs de l'OM et du PSG au 21e siècle
5
Criteria MLB: Left Handed Sluggers
6
Name the Premier League winners with different clubs
7
5-to-1: UK Sports Teams
8
AFC Teams Reveal (Wrong Answers Minefield)
9
Players with Multiple 50 Home Run Seasons
10
5-to-1: FBS Animal Nicknames
Explore More
Trending Topics
Kpop
Anime
NBA
Disney
Marvel
Crossword
Harry Potter
Song
Puzzle
WWE
Country
The Office
NFL
Pokémon
Soccer
hide this ad
More By:
villkroppa
Quiz
Plays
Rating
Category
Featured
Created
Spanish Irregular Preterite Verb Conjugation
585
Language
Mar 25, 2011
Best Word Ladder
205
2.50
Just For Fun
Mar 5, 2011
BCS championship losing teams
144
2.33
Sports
Mar 4, 2011
BEST Common Themed Answers
108
2.75
Just For Fun
Mar 8, 2011
Undefeated Championship Teams (big 4)
77
5.00
Sports
Mar 4, 2011
Go to Creator's Profile
Score Distribution
Quiz Creator Spotlight
villkroppa
Follow
Send a Message
Quizzes Created
-
Created Quiz Play Count
-
More By This Creator
Popular Quizzes Today
1
Find the US States - No Outlines Minefield
2
Find the Countries of Europe - No Outlines Minefield
3
The Countries of the World
4
Find the US States
5
Risky Map Clicking: Biggest States A-Z
6
US States
7
Popular People in 1961
8
Movies - When Are They Set?
More Sports Quizzes
FIFA FIFPro World XI Players by Country
Quiz Lab
Trending Quizzes
Risky Map Clicking: Least Populous States A-Z
1-10 Letter G Words
1-10 Letter F Words
Risky Map Clicking: Next State Alphabetically
Risky Map Clicking: Biggest States A-Z
Recently Updated
Leaping Animals
pecheneg
Reality TV Shows (A-Z)
bhenderson79
Rickey Henderson's Hall of Fame Teammates
pecheneg
Champions League XIs: Arsenal
pecheneg
Quick Pick: Celebrities in WWE's Hall of Fame
aduchscher
A-Z Keypad Blitz II
pecheneg
Multiple Oscar Actors
pecheneg
Mystery Phrase Blitz: Oscar 'Best Actors'
pecheneg
F. Scott Fitzgerald Novels
LTH
Pick 3 Villains
ddd62291
Trending Topics
Anime
Kpop
Harry Potter
Disney
NBA
Crossword
Marvel
Country
Puzzle
Song
Pokémon
Soccer
WWE
NFL
The Office
Your Account Isn't Verified!
In order to create a playlist on Sporcle, you need to verify the email address you used during registration. Go to your
Sporcle Settings
to finish the process.
Report this User
Report this user for behavior that violates our
Community Guidelines
.
Details:
Send Report
Go to the Sporcle.com Mobile Site →
Comments